1556 1454 1704 1765 1280 1466 1140 1865 1260 1083 1313 1936 1355 1147 1129 1139 1418 1914 1245 1101 1032 1639 1813 1647 1304 1280 1588 1440 1007 1674 1433 1823 1407 1973 1415 1177 1641 1621 1320 1527 1998 1242 1022 1529 1269 1166 1016 1553 1726 1075 1599 1589 1069 1695 1478 1014 1028 1060 1939 1080 1792 1910 1236 1230 1989 1102 1559 1829 1902 1017 1745 1854 1287 1825 1503 1434 1151 1102 1808 1349 1639 1384 1143 1826 1735 1423 1874 1253 1190 1388 1982 1989 1167 1520 1423 1771 1321 1259 1366 BCNSPRNW ULIB Ver.6.0+V

เปลี่ยนเป็นภาษาไทย

Change to English
 แสดงรายละเอียดบรรณานุกรม
  กลับหน้าหลัก

Brief Record : Get Marc (ISO 2709) : E-mail record : QR code < ปิดหน้าต่าง
LEADER : 00000nam 2200000uu 4500
001    13399112307
003     ULIB
008    110627s2551||||th 000 0 tha d
020    9789740516583
090    นว.^bฌ999ส 2551
100 0  เฌอ
245 00 สกิดรักคุณนักข่าว/^cเฌอ
250    พิมพ์ครั้งที่ 1
260    กรุงเทพฯ :^bไฟน์บุ๊ค,^c2551
300    316 หน้า
710 1  ไฟน์บุ๊ค
945    ^p195^l0^i023598
995    ทศพร
999 ^a ใช้งานได้ทุกระบบ
รายการนี้ยังไม่มีแท็ก
คุณยังไม่ได้ล็อกอิน คุณสามารถมีกิจกรรมร่วมกับเว็บไซต์ได้ แต่ต้องล็อกอินก่อน ::
  ล็อกอิน

รายการสื่อสารสนเทศ

ลำดับที่ ประเภท เลขเรียก/บาร์โค้ด สถานที่ สถานะ
- ไม่พบข้อมูล -

รายการใกล้เคียง
    ผู้แต่ง [เฌอ]

BibComment


ยังไม่เคยถูกคอมเมนท์

คอมเมนท์ทรัพยากรรายการนี้
  คอมเมนท์: สกิดรักคุณนักข่าว..


 Copyright 2026. Bcnsprnw @Library